MDQL
is popping MORE tags! Check the
thread
!
Quizzes
Events
Quiz Creation
Community
Videos
Private Events
Remove Ads
Sign In
Join for FREE
Feedback
Dark Mode
Quiz Categories
Sports
Geography
Music
Movies
Television
Just For Fun
Miscellaneous
History
Literature
Language
Science
Gaming
Entertainment
Religion
Holiday
For Kids
Quiz Lab
Recent
Popular Today
Quiz Kudos Today
Editor Picks
Curator Picks
Quizzes by...
Day
Popularity
Type
Ratings
Length
Year
Community
Subscriptions
Recent Discussions
Orange Saloon
Badges
Playlists
Quests
Create
Leaderboards
Showdown
Live 5
Trivia Bingo
Activity
Puzzle Library
Sporcle Events
Private Events
Virtual Trivia
Globe League
Become a Host
Pub Owners
SporcleCon
Opinionation
Our Games
Videos
Blog
Mobile Apps
Partnerships
Remove Ads and Go Orange
Feedback
Sports
Athletes
MLB
NBA
NHL
NFL
Soccer
Sports Teams
WWE
NCAA
Football
Premier League
Basketball
Baseball
Hockey
Golf
Tennis
Cricket
Rugby
Auto Racing
Olympics
World Cup
Sports
Athletes
MLB
NBA
NHL
NFL
Soccer
Sports Teams
WWE
NCAA
Football
Premier League
Basketball
Baseball
Hockey
Golf
Tennis
Cricket
Rugby
Auto Racing
Olympics
World Cup
Random Quiz
Search Sporcle
×
Quiz Lab
Quiz Lab
Sports
Auto Racing
Type in answers that appear in a list
Type in answers that appear in a list
Classic
Best Score? Go Orange.
Formula 1 least successful drivers (1970-1979) Stats
Can you name the least successful drivers in Formula 1 (1970-1979)?
By
pi314159
15m
105 Questions
104 Plays
104 Plays
104 Plays
Comments
Comments
Give Quiz Kudos
Give Quiz Kudos
-
- Ratings
hide this ad
Replay
Link that replays current quiz
Next Quiz
Link to next quiz in quiz playlist
You Got
0%
They Got
Avg Score
42%
Avg Friend Score
Upgrade to see
Score Distribution
Jump to the score distribution portion of the page
Score
0/105
Timer
15:00
0
Plays Today
% Correct
Lella Lombardi
68.3%
David Purley
67.3%
Brian Henton
63.5%
Harald Ertl
63.5%
Roger Williamson
62.5%
Renzo Zorzi
62.5%
Geoff Lees
62.5%
Derek Bell
61.5%
Helmuth Koinigg
61.5%
Ian Scheckter
60.6%
Patrick Nève
60.6%
Brett Lunger
59.6%
Jan Lammers
59.6%
Francois Migault
58.7%
Gianfranco Brancatelli
58.7%
Alex Ribeiro
57.7%
Rupert Keegan
57.7%
Ingo Hoffmann
56.7%
Ricardo Zunino
56.7%
Rikky von Opel
55.8%
Emilio de Villota
55.8%
Nanni Galli
54.8%
Larry Perkins
54.8%
Kazuyoshi Hoshino
54.8%
Helmut Marko
53.8%
Masahiro Hasemi
53.8%
Leo Kinnunen
52.9%
Noritake Takahara
52.9%
Vern Schuppan
51.9%
Hans Heyer
51.9%
Tom Belsø
51%
Tony Brise
51%
Bobby Rahal
50%
Alex Soler-Roig
49%
David Walker
49%
% Correct
Guy Edwards
49%
Conny Andersson
49%
Hans Binder
49%
Tony Trimmer
49%
Kunimitsu Takahashi
48.1%
Teddy Pilette
47.1%
Patrick Gaillard
47.1%
John Miles
46.2%
Gijs van Lennep
46.2%
David Hobbs
46.2%
Dieter Quester
46.2%
Michael Bleekemolen
46.2%
Divina Galica
45.2%
Beppe Gabbiani
45.2%
George Eaton
44.2%
Mike Beuttler
44.2%
Mike Wilds
44.2%
Gérard Larrousse
44.2%
Danny Ongais
44.2%
Dave Charlton
43.3%
Ian Ashley
43.3%
Giorgio Francia
42.3%
Bob Evans
41.3%
Carlo Franchi (Gimax)
41.3%
Loris Kessel
40.4%
Lamberto Leoni
40.4%
Hiroshi Fushida
39.4%
Alessandro Pesenti-Rossi
39.4%
Pete Lovely
36.5%
John Nicholson
36.5%
Eppie Wietzes
36.5%
Torsten Palm
36.5%
Max Jean
35.6%
Boy Hayje
35.6%
Mikko Kozarowitzky
35.6%
% Correct
Graham McRae
34.6%
Bertil Roos
34.6%
Paddy Driver
34.6%
Emilio Zapico
34.6%
Otto Stuppacher
34.6%
Jackie Pretorius
33.7%
Bernard de Dryver
33.7%
Brian McGuire
33.7%
Sam Posey
32.7%
Roelof Wunderink
32.7%
Hubert Hahne
31.7%
Alberto Colombo
31.7%
Richard Robarts
30.8%
Eddie Keizan
29.8%
José Dolhem
29.8%
Jim Crawford
28.8%
Jo Vonlanthen
28.8%
Peter de Klerk
27.9%
Damien Magee
27.9%
Jac Nelleman
27.9%
Skip Barber
26.9%
Warwick Brown
26.9%
Dave Morgan
26%
Francois Mazet
25%
Bill Brack
25%
Peter Westbury
23.1%
Gus Hutchison
23.1%
Andy Sutcliffe
23.1%
John Cannon
22.1%
Chris Craft
22.1%
Guy Tunmer
22.1%
Luiz Bueno
21.2%
Carlo Facetti
20.2%
Michel Leclère
13.5%
William Ferguson
11.5%
Quiz Playlist
Details
Report
Send in Message
Add To Playlist
Classic:
Type in answers that appear in a list
Last Updated: Feb 16, 2017
Quiz Scoreboard
CHALLENGE
Sign Up to Join the Scoreboard
Show All
Scores
Hide
Comments
May contain spoilers
Recently Published
Colored Red Africa Blitz
by spor1
Geography
30s
Find the 'City' Movie
by crazypaving
Movies
60s
5x2 Blitz: Bands
by SL_Kpop136
Music
30s
More to Explore
Quiz From the Vault
Featured Blog Post
14 Easter Pick-up Lines to Find Eggs With
hide this ad
You Might Also Like...
Tags
Auto Racing Quiz
Driver
formula
Formula 1
least
successful
Today's Top Quizzes in Sports
Browse Sports
hide this ad
Today's Top Quizzes in Auto Racing
Browse Auto Racing
Top Contributed Quizzes in Sports
1
Les entraîneurs de l'OM et du PSG au 21e siècle
2
Les meilleurs buteurs des matchs entre le PSG et l’OM
3
Les joueurs passés par le PSG et l'OM
4
Players with Multiple 50 Home Run Seasons
5
2022 World Cup Stars
6
Criteria MLB: Left Handed Sluggers
7
NBA Logic Puzzle 2.0
8
MLB Players with Two .350 Batting Average Seasons
9
Top 10 NHL Goal Scorers of All Time
10
Les joueurs passés par le LOSC et le RC Lens
Explore More
Trending Topics
Crossword
Harry Potter
Marvel
NBA
Kpop
Anime
Disney
Pokémon
Puzzle
Song
WWE
Soccer
NFL
The Office
Country
hide this ad
More By:
pi314159
Quiz
Plays
Rating
Category
Featured
Created
Island & Country Match-Up
86,319
4.72
Geography
Mar 6, 2015
Topography Match-Up
35,789
4.53
Geography
Apr 11, 2015
Formula 1 Typing Challenge
6,418
4.05
Just For Fun
Aug 22, 2012
Formula 1 constructors by letter
4,241
4.57
Sports
Jun 21, 2015
Radioactive Elements Minefield
3,333
4.36
Science
Sep 13, 2012
Go to Creator's Profile
Score Distribution
Quiz Creator Spotlight
pi314159
Follow
Send a Message
Quizzes Created
-
Created Quiz Play Count
-
More By This Creator
Popular Quizzes Today
1
Colored Red Africa Blitz
2
Find the 'City' Movie
3
5x2 Blitz: Bands
4
Find the US States - No Outlines Minefield
5
The Countries of the World
6
Find the US States
7
US States
8
Find the Countries of Europe - No Outlines Minefield
More Sports Quizzes
Most Caps By Picture - Mexico
Quiz Lab
Trending Quizzes
Colored Red Europe Blitz I
Colored Red Europe Blitz II
Colored Red Africa Blitz II
Colored Red Europe Blitz III
Colored Red Africa Blitz III
Recently Updated
How Do You Spell That?
pecheneg
Godzilla Movies
pecheneg
Grab Bag: 4-10 Letters
pecheneg
2024 March Madness Bracket
pecheneg
Famous TV Couples
Peacemaker
Champions League XIs: Real Madrid
pecheneg
Largest US Cities 1790-2010
pecheneg
Rides in Walt Disney World
pecheneg
Most Oscar Losses (Acting)
pecheneg
Beyoncé Albums
pecheneg
Trending Topics
Crossword
NBA
Anime
Harry Potter
Disney
Kpop
Marvel
NFL
Pokémon
WWE
The Office
Puzzle
Song
Country
Soccer
Your Account Isn't Verified!
In order to create a playlist on Sporcle, you need to verify the email address you used during registration. Go to your
Sporcle Settings
to finish the process.
Report this User
Report this user for behavior that violates our
Community Guidelines
.
Details:
Send Report
Go to the Sporcle.com Mobile Site →
Comments